000 01346nam a2200289 i 4500
001 7404
003 ES-MaACL
005 20250805063219.0
007 t|
008 901219s1976 sp ||||1| spa d
017 _aM 34526-1976
_bOficina Depósito Legal Madrid
020 _a84-276-0357-6
080 _a398.8(468.1)(04)
100 1 _aLavaur, Luis,
_d1917-
_eaut
_970695
245 1 0 _aTeoría romántica del cante flamenco /
_cLuis Lavaur
260 _aMadrid :
_bEditora Nacional,
_c[1976]
300 _a219 páginas ;
_c18 cm
490 1 _aLibros de bolsillo (Editora Nacional)
_9241563
520 _aLavaur defiende en esta obra la tesis del carácter moderno, urbano y gitanista del cante y baile flamenco, de la paradoja de su "nacimiento" a caballo ente la taberna y la ópera italianizante de la época, entre los colmaos y los escenarios de los teatros parisinos. Desvela buena parte del origen "terrestre" del género gitano-andaluz al anticiparse a los resultados de los más recientes investigadores del flamenco
650 7 _aCante flamenco
_2embne
_910750
650 7 _aBaile flamenco
_2embne
_9169594
830 0 _aLibros de bolsillo (Editora Nacional)
_9241563
852 _aES-MaACL
_bR.118692
_cDEPO2
_jL-14688
942 _2udc
_cMONOGRAFIA
_n0
999 _c7404
_d7404